000 00632nam a2200253Ia 4500
001 3009
005 20240113233606.0
007 ta
008 050328s1984 a g b000 u hin u
020 _cHB
040 _aCotton College,Assam
041 _ahin
082 _a891.431
_bDh 343 Su
100 _aDhoomila, .
245 0 _aSudama Pande Ka Prajatantra /
_cDhoomila.
_hTextual Documents
250 _a1st ed. /
260 _aDelhi :
_bBani Prakashan ,
_c1984.
300 _a91p :
_bill ;
_c21cm .
653 _aHindi poetry
653 _aGen-Hindi
942 _2ddc
_cBK
999 _c2997
_d2997